Protesta campesina en la Costa Rica de los ochenta características, significado social y perspectivas futuras

Guardat en:
Dades bibliogràfiques
Autor corporatiu: CEPAS
Format: Text
Publicat: San José: CEPAS
Etiquetes: Afegir etiqueta
Sense etiquetes, Sigues el primer a etiquetar aquest registre!

MARC

LEADER 00000 a a2200000 04500
001 24769
003
040
090 |a 174500  
110 |a CEPAS  
245 |a Protesta campesina en la Costa Rica de los ochenta características, significado social y perspectivas futuras  
260 |a San José:   |b CEPAS  
300 |a 30 p  
999 |c 8224  |d 8224